| 000 | 00855nam a22001937a 4500 | ||
|---|---|---|---|
| 003 | OSt | ||
| 005 | 20250207151402.0 | ||
| 008 | 240828b ||||| |||| 00| 0 eng d | ||
| 040 | _c0 | ||
| 082 | _aDPer 379.2 J826 Winter-Spring 2021 v. 46 n. 3-4 | ||
| 100 |
_aSkinner, Benjamin T. _eauthor. _959262 |
||
| 245 |
_aDo civic returns to higher education differ across subpopulations? : _ban analysis using propensity forests / _cBenjamin T. Skinner and William R. Doyle. |
||
| 260 |
_aIllinois, United States ; _bUniversity of Illinois Press and Johns Hopkins University Press, _cSpring 2021. |
||
| 300 |
_avolumes 46, pages 519-562, _billustration. |
||
| 500 | _aJournal of Education Finance, v. 46, n. 4 , pages 519-562, Winter 2021. | ||
| 700 |
_aSkinner, Benjamin T. _eauthor. _959262 |
||
| 700 |
_aDoyle, William R. _eauthor. _959263 |
||
| 942 |
_2ddc _cPER |
||
| 999 |
_c20996 _d20996 |
||